000 00581nam a2200181 i 4500
001 118724
003 ES-MaACL
005 20230906191148.0
007 t|
008 070214s1928 sp r ||||1| spa d
100 1 _aPérez-Bustamante, Ciriaco,
_d1896-1975
_990682
245 1 4 _aLas instrucciones de Felipe II a Juan Bautista de Tassis /
_cCiriaco Pérez Bustamante.
260 _aMadrid :
_bImp. Municipal,
_c1928.
300 _a22 p. ;
_c26 cm.
651 4 _aEspaña-
_xHistoria-
_y1556-1598, Felipe II.
_98218
852 _aES-MaACL
_j1752-F-11
999 _c118724
_d118724